000
00301nam a22001337a 4500
008
170830b xxu||||| |||| 00| 0 eng d
020
_a
069704257-X
041
_a
eng
080
_2
7TH
_a
070
100
_a
39
101
_a
MED
245
_a
FUNDAMENTALS OF VOICE DICTION
_c
MAYER,L.V
942
_2
udc
_c
BK
999
_c
25495
_d
25495